| 000 | 00372nam a2200157Ia 4500 | ||
|---|---|---|---|
| 008 | 230524s9999 xx 000 0 und d | ||
| 082 |
_a4 _bPUJ |
||
| 100 | _aArun K. Pujari | ||
| 245 | 0 | _aData Mining Techniques | |
| 250 | _a1ST | ||
| 260 |
_aNEW DELHI _bUniversity Press _c2004 |
||
| 300 | _aX;284 | ||
| 500 | _aQuantity Number: 2 | ||
| 650 | _aComp-Sc | ||
| 942 | _cBK | ||
| 999 |
_c31685 _d31685 |
||